Prevalencia de los factores de riesgo de enfermedades crónicas no transmisibles en docentes universitarios de la curn en la ciudad de Cartagena en el año 2024 / (Registro nro. 29516)
[ vista simple ]
| 000 -LEADER | |
|---|---|
| fixed length control field | 01916nam a2200217 4500 |
| 005 - DATE AND TIME OF LATEST TRANSACTION | |
| control field | 20250405174607.0 |
| 008 - FIXED-LENGTH DATA ELEMENTS--GENERAL INFORMATION | |
| fixed length control field | 190415s2024 000 0 eng d |
| 040 ## - CATALOGING SOURCE | |
| Original cataloging agency | CO-CtgCURN |
| Language of cataloging | spa |
| Transcribing agency | coctgcurn |
| 082 0# - DEWEY DECIMAL CLASSIFICATION NUMBER | |
| Classification number | INQ 2024 |
| Item number | R621 |
| 100 1# - MAIN ENTRY--PERSONAL NAME | |
| Personal name | Rivera Polo, Jeyson. |
| 245 10 - TITLE STATEMENT | |
| Title | Prevalencia de los factores de riesgo de enfermedades crónicas no transmisibles en docentes universitarios de la curn en la ciudad de Cartagena en el año 2024 / |
| Statement of responsibility, etc. | Jeyson Rivera Polo; director Claudia Paternina Hernández. |
| 260 ## - PUBLICATION, DISTRIBUTION, ETC. | |
| Place of publication, distribution, etc. | Cartagena de Indias : |
| Name of publisher, distributor, etc. | Corporación Universitaria Rafael Nuñez, |
| Date of publication, distribution, etc. | 2024. |
| 300 ## - PHYSICAL DESCRIPTION | |
| Extent | 46 hojas. |
| 504 ## - BIBLIOGRAPHY, ETC. NOTE | |
| Bibliography, etc. note | Trabajo de grado (Instrumentación quirúrgica). Corporación Universitaria Rafael Nuñez. Facultad de Ciencias de la Salud. Instrumentación Quirúrgica, 2024. |
| 520 ## - SUMMARY, ETC. | |
| Summary, etc. | "Los docentes de la Corporación Universitaria Rafael Núñez no se hallaron casos relevantes de hipertensión arterial y mucho menos de diabetes, pero sí tuvieron buenos resultados con los hábitos de vida saludable, se encontró que el 46,2% de los docentes tiene buenos hábitos de vida mientras que el 53,8% tiene excelentes hábitos de vida. La caracterización sociodemográfica reveló que la mayoría de los docentes se encuentra en un rango de talla entre 1.50 y 1.70 cm, con variaciones menores en las medidas extremas. Estos datos permiten una mejor comprensión del perfil de salud de los docentes y contribuyen a la elaboración de estrategias específicas de intervención" |
| 650 #0 - SUBJECT ADDED ENTRY--TOPICAL TERM | |
| Topical term or geographic name entry element | Instrumentación quirúrgica |
| Form subdivision | Tesis y disertaciones academicas. |
| 700 1# - ADDED ENTRY--PERSONAL NAME | |
| Personal name | Paternina Hernández, Claudia, |
| Relator term | director. |
| 856 ## - ELECTRONIC LOCATION AND ACCESS | |
| Uniform Resource Identifier | <a href="https://unicurn.sharepoint.com/:b:/s/biblioteca/EYWINCvbvY1Ag8puNZHk_tUBZukvj2Cwi9bir_zIu7aVrg?e=aqc7ar">https://unicurn.sharepoint.com/:b:/s/biblioteca/EYWINCvbvY1Ag8puNZHk_tUBZukvj2Cwi9bir_zIu7aVrg?e=aqc7ar</a> |
| Public note | Click aqui para ver el recurso en texto completo |
| 942 ## - ADDED ENTRY ELEMENTS (KOHA) | |
| Source of classification or shelving scheme | Dewey Decimal Classification |
| Koha item type | Trabajos de grado |
| Classification part | INQ 2024 |
| Item part | R621 |
| Withdrawn status | Lost status | Source of classification or shelving scheme | Damaged status | Not for loan | Collection | Home library | Current library | Shelving location | Date acquired | Source of acquisition | Cost, normal purchase price | Inventory number | Total checkouts | Full call number | Barcode | Date last seen | Price effective from | Koha item type |
|---|---|---|---|---|---|---|---|---|---|---|---|---|---|---|---|---|---|---|
| Dewey Decimal Classification | Trabajos de grado | Miguel Henríquez Emiliani | Miguel Henríquez Emiliani | Trabajo de grado | 06/01/2019 | El autor | 350000.00 | 025452 | INQ 2024 R621 | 025452 | 06/20/2019 | 06/20/2019 | Trabajos de grado |